000 00409nam a2200169Ia 4500
008 230516s9999 xx 000 0 und d
041 _aeng
082 _a615.321
_bSET
100 _aSETHI P.D.
245 _aHIGH PERFORMANCE THIN LAYER CROMATOGRAPHY
260 _bC.B.S. PUBLISHERS & DISTRUTORS
300 _a459
365 _h17
500 _aHB
520 _aPA
650 _aPHARMACEUTICAL ANALYSIS
999 _c362891
_d362891